Canada by Population Quiz Stats

Quiz Updated Nov 9, 2016

Challenge
Share
Tweet
Embed
Score 0/13 Timer 02:00
10 Plays Today
Rank Province/Territory % Correct
1Ontario
97.5%
2Québec
95.9%
3British Columbia
87.7%
4Alberta
84.5%
5Manitoba
75.6%
6Saskatchewan
69.4%
7Nova Scotia
65.9%
9Newfoundland and Labrador
59.4%
10Prince Edward Island
59.2%
8New Brunswick
55.6%
12Yukon
55.3%
13Nunavut
49.1%
11Northwest Territories
48.2%

You're not logged in!

Compare scores with friends on all Sporcle quizzes.
Sign Up with Email
OR
Log In

You Might Also Like...

Show Comments

Extras

Top Quizzes Today


Score Distribution

Your Account Isn't Verified!

In order to create a playlist on Sporcle, you need to verify the email address you used during registration. Go to your Sporcle Settings to finish the process.